000 00582nam a2200181Ia 4500
003 GCL
008 140319s9999 xx 000 0 ara d
040 _aGCL /
_cGCL
082 0 4 _a189
_bح ح
100 1 _aحسن الشيخ الفاتح الشيخ
245 1 0 _aالحياة الفكرية فى ضوء الفلسفة الاسلامية /
_cحسن الشيخ الفاتح الشيخ
260 _a[S.N] :
_bدار الجيل ،
_c1991
300 _a159
490 _a
650 0 4 _aالفلسفة الاسلامية
650 0 4 _aالفكر الاسلامى
942 _2ddc
_cBK
999 _c53665
_d53665